000 01085nmm a2200325 a 4500
001 ocm0002145921
003 TR-IsHL
005 20201028181608.0
008 190105s2018 tu tur
007 cr cn
020 _a9786059221788
035 _a2145921
_b(N$T)
050 0 4 _aHF5430.6.T8
_bZ67 2018
090 0 4 _aHF5430.6.T8
_bZ67 2018
100 1 _aZorlu, Abdülkadir
245 1 0 _aAlışveriş merkezlerini anlamak
_h[electronic resource] /
_cAbdülkadir Zorlu
260 _aAnkara :
_bSiyasal Kitabevi,
_c2018
300 _a172 p.
500 _aKaynakça var
650 4 _aSosyoloji
650 4 _aSociology
650 0 _aAlışveriş merkezleri
650 0 _aShopping centers
650 0 _aAlışveriş merkezleri
_x Türkiye
650 0 _aShopping centers
_x Turkey
650 0 _aAlışveriş merkezleri
_x Sosyal yönler
650 0 _aShopping centers
_x Social aspects
650 7 _aBUSINESS & ECONOMICS / International / Marketing
_2bisacsh
856 4 0 _uhttp://search.ebscohost.com/login.aspx?direct=true&scope=site&db=e011xww&AN=2145921
999 _c19674
_d19674